Easy to Extreme - Science - Statistics

General Stats
  • This quiz has been taken 186 times
  • The average score is 8 of 20
Answer Stats
Hint Answer % Correct
What is the chemical formula for water? H2O
97%
Who discovered gravity when an apple dropped onto his head? Isaac Newton
97%
What is the first element in the periodic table? Hydrogen
95%
What process do plants do where they take in Carbon Dioxide and release Oxygen? Photosynthesis
91%
What is the heaviest human organ? Skin
71%
What is the name of the most recent super-continent? Pangea
65%
What is the symbol for Mercury Hg
61%
What is the charge of a proton? 1
52%
What comes next? Kingdom, Phylum, Class, _____ Order
43%
Iodine is used to test for what substance found in potatoes? Starch
38%
What is the third most common gas in the earth’s atmosphere after Nitrogen and Oxygen? Argon
32%
What is the hardest substance in the human body? Tooth Enamel
25%
Solve for x /// 3 Cu + [ x ]HNO3 --> 3 Cu(NO3)2 + 2 NO + 4 H2O 8
23%
What do the initials USB stand for in computer science? Universal Serial Bus
20%
Which acid is also known as aqua fortis? Nitric Acid
11%
Which element has an atomic number of 71? Lutetium
5%
Which part of your brain deals with hearing and language? Temporal Lobe
5%
Which component of the limbic system processes human emotions and memories? Amygdala
4%
Who first put forward the theory of Continental Drift? Abraham Ortelius
1%
Charles Darwin was born in which English Midlands town? Shrewsbury
1%
No matching quizzes found
Score Distribution
Percent of People with Each Score
Percentile by Number Answered
Your Score History
You have not taken this quiz